000 00665nam a2200301Ia 4500
005 20260401122303.0
008 008 250103s9999 xx 000 0 eng d
020 _a9780415280129
037 _aTB
040 _aEDL
040 _beng
040 _cEDL
041 _2eng
041 _aeng
084 _a801.95 MOI
084 _qEDL
100 _aMoi, Toril
_91233135
245 0 _aSexual/Textual Politics: Feminist Literary Theory
245 0 _cMoi, Toril
260 _aLondon
260 _bRoutledge
260 _c2002
300 _a221p
942 _cTB
942 _h801.95 MOI
999 _c1846244
_d1846244